Cortes de carne bovina no Brasil - Statistics

Estatísticas Gerais
  • Esse quiz foi jogado 109 vezes
  • A pontuação média é 8 de 19
Respostas no mapa
Respostas codificadas por cores de uma escala verde-vermelha no mapa do quiz de acordo com a % correta abaixo.
 
Estatísticas das Respostas
Resposta % Correto
8 Picanha
96%
9 Alcatra
83%
15 Maminha de Alcatra
68%
7 Contrafilé
64%
6 Filé Mignon
64%
2 Acém
59%
14 Fraldinha
55%
16 Patinho
54%
12 Peito
43%
19 Músculo
39%
1 Pescoço
39%
3 Paleta
38%
10 Lagarto
35%
18 Chã de Dentro
20%
17 Chã de Fora
19%
5 Filé de Costela
10%
13 Ponta de Agulha
10%
11 Aba de Filé
6%
4 Capa de Filé
4%
Nenhum quiz correspondente encontrado
Distribuição das Pontuações
Porcentagem de Pessoas com Cada Pontuação
Percentil de Números Respondidos
Sua Pontuação Histórica
Você não jogou esse quiz